000
00349nam a2200145Ia 4500
008
151213s9999 xx 000 0 und d
100
_a
M. Farami
245
_a
The Negotiable Instruments Acts - 1881
_c
M. Farami
260
_a
Lahore
_b
Modern's Book
300
_a
2091 p.
650
_a
Law
650
_a
Law
700
_a
M. Farami
999
_c
1541
_d
1541